Vista normal
Vista MARC
Entrada Materia (personas)
Número de registros utilizados en: 1
001 - CONTROL NUMBER
- control field: 63317
003 - CONTROL NUMBER IDENTIFIER
- control field: Co-BoUCM
005 - DATE AND TIME OF LATEST TRANSACTION
- control field: 20140725100327.0
008 - FIXED-LENGTH DATA ELEMENTS
- fixed length control field: 140725|| aca||aabn | a|a d
040 ## - CATALOGING SOURCE
- Original cataloging agency: Co-BoUCM
- Transcribing agency: Co-BoUCM
100 ## - HEADING--PERSONAL NAME
- Personal name: Netz, Reviel
670 ## - SOURCE DATA FOUND
- Source citation: Work cat.: (Co-BoUCM)242461: Netz, Reviel, Alambre de puas, 2013